|
|
|
|
| LEADER |
00775cam a2200229 7i4500 |
| 001 |
0000035020 |
| 005 |
20180412090000.0 |
| 007 |
##ta |
| 008 |
180412t20162016-uk eng |
| 022 |
0 |
# |
|a 17492203
|
| 040 |
# |
# |
|a MATR
|
| 090 |
0 |
0 |
|a CHIN 661.804
|b CHI
|
| 245 |
0 |
0 |
|a CHINA PETROCHEMICALS Report Q2 2016 :
|b includes 5 - year forecast to 2020.
|
| 264 |
# |
4 |
|a ♭2016.
|
| 264 |
# |
1 |
|a London:
|b Business Monitor International,
|c 2016.
|
| 300 |
# |
# |
|a 88 pages:
|b illustrations;
|c 30 cm.
|
| 336 |
# |
# |
|a text
|2 rdacontent
|
| 337 |
# |
# |
|a unmediated
|2 rdamedia
|
| 338 |
# |
# |
|a volume
|2 rdacarrier
|
| 650 |
# |
0 |
|a Petroleum chemicals --
|x Markets --
|z China
|
| 999 |
|
|
|a B000038000
|b Book
|c Countries
|e Business Information Centre
|
| 999 |
|
|
|a B00003800
|b Book
|c Countries
|e Business Information Centre
|